| 000 | 00578cam a22002171 4500 | ||
|---|---|---|---|
| 001 | sa 64003590 | ||
| 003 | DLC | ||
| 005 | 20260227112018.0 | ||
| 008 | 911023s1962 ii a 000 0 malr | ||
| 010 | _asa 64003590 | ||
| 035 | _a(OCoLC)24607043 | ||
| 040 |
_aDLC _cNRU _dDLC |
||
| 042 | _apremarc | ||
| 050 | 0 | 0 |
_aBL1227.G8 _bM3 |
| 100 | 1 |
_aMādhavan Nampūtiri, Āñãaṃ, _d1919-1988. |
|
| 245 | 1 | 0 | _aTirunāmamahima. |
| 260 |
_a[Ernakulam, _bThilakam Press, _c1962] |
||
| 300 |
_a113, iv p. _billus. _c19 cm. |
||
| 500 | _aIn Malayalam. | ||
| 710 | 2 | _aGuruvayoor Temple. | |
| 999 |
_c58013 _d58013 |
||